000 01109aam a2200313 a 4500
001 13737916
003 OSt
005 20191219114757.0
008 041001s2003 enka b 001 0 eng
010 _a 2004351624
015 _aGBA3-Y8460
020 _a9780415280761
040 _coclc
082 0 4 _a338.9
_222
_bGHA/I
100 _aGhatak, Subrata
_d1939-
_9576
245 1 0 _aIntroduction To Development Economics /
_cSubrata Ghatak
250 _a4th ed.
260 _aLondon ;
_aNew York :
_bRoutledge,
_c2003.
300 _a458P
500 _aPrevious ed.: 1994.
504 _aIncludes bibliographical references (p. [415]-451) and index.
650 0 _aEconomic development.
650 0 _aDevelopment economics.
651 0 _aDeveloping countries
_xEconomic policy.
856 4 2 _3Publisher description
_uhttp://www.loc.gov/catdir/enhancements/fy0650/2004351624-d.html
906 _a7
_bcbc
_ccopycat
_d2
_encip
_f20
_gy-gencatlg
942 _2ddc
_cBK
_h338.9
_iGHA/I
_k338.9
_mGHA/I
999 _c11062
_d11062